<?xml version="1.0" encoding="UTF-8"?>
<record
    xmlns:xsi="http://www.w3.org/2001/XMLSchema-instance"
    xsi:schemaLocation="http://www.loc.gov/MARC21/slim http://www.loc.gov/standards/marcxml/schema/MARC21slim.xsd"
    xmlns="http://www.loc.gov/MARC21/slim">

  <leader>01119nas a22002777a 4500</leader>
  <controlfield tag="003">OSt</controlfield>
  <controlfield tag="005">20151125110040.0</controlfield>
  <controlfield tag="008">130704d19912009sp au||| |||| 00| 0 cat d</controlfield>
  <datafield tag="022" ind1=" " ind2=" ">
    <subfield code="a">1131-5687</subfield>
  </datafield>
  <datafield tag="040" ind1=" " ind2=" ">
    <subfield code="c">CDMR</subfield>
    <subfield code="b">cat</subfield>
  </datafield>
  <datafield tag="245" ind1="0" ind2="0">
    <subfield code="a">Treballs de comunicaci&#xF3;</subfield>
  </datafield>
  <datafield tag="260" ind1=" " ind2=" ">
    <subfield code="a">Barcelona</subfield>
    <subfield code="b">Institut d'Estudis Catalans: Societat Catalana de Comunicaci&#xF3;</subfield>
    <subfield code="c">1991-2009</subfield>
  </datafield>
  <datafield tag="300" ind1=" " ind2=" ">
    <subfield code="a">26 n&#xFA;m.</subfield>
  </datafield>
  <datafield tag="310" ind1=" " ind2=" ">
    <subfield code="a">Annual, amb irregularitats</subfield>
  </datafield>
  <datafield tag="362" ind1=" " ind2=" ">
    <subfield code="a">N&#xFA;m. 1 (oct. 1991) - n&#xFA;m. 26 (des. 2009)</subfield>
  </datafield>
  <datafield tag="500" ind1=" " ind2=" ">
    <subfield code="a">Continuada per: Comunicaci&#xF3;, revista de recerca i an&#xE0;lisi </subfield>
  </datafield>
  <datafield tag="650" ind1="0" ind2="4">
    <subfield code="9">3127</subfield>
    <subfield code="a">Televisi&#xF3;</subfield>
    <subfield code="z">Catalunya</subfield>
    <subfield code="v">Revistes</subfield>
  </datafield>
  <datafield tag="650" ind1="0" ind2="4">
    <subfield code="9">3172</subfield>
    <subfield code="a">Periodisme</subfield>
    <subfield code="z">Catalunya</subfield>
    <subfield code="v">Revistes</subfield>
  </datafield>
  <datafield tag="650" ind1="0" ind2="4">
    <subfield code="9">3105</subfield>
    <subfield code="a">Radiodifusi&#xF3;</subfield>
    <subfield code="z">Catalunya</subfield>
    <subfield code="v">Revistes</subfield>
  </datafield>
  <datafield tag="650" ind1="0" ind2="4">
    <subfield code="9">4334</subfield>
    <subfield code="a">Mitjans de comunicaci&#xF3; de massa </subfield>
    <subfield code="x">Hist&#xF2;ria</subfield>
    <subfield code="z">Catalunya</subfield>
  </datafield>
  <datafield tag="710" ind1="2" ind2=" ">
    <subfield code="9">94</subfield>
    <subfield code="a">Societat Catalana de Comunicaci&#xF3;</subfield>
  </datafield>
  <datafield tag="740" ind1=" " ind2="0">
    <subfield code="a">Comunicaci&#xF3;: revista de recerca i an&#xE0;lisi</subfield>
  </datafield>
  <datafield tag="856" ind1="4" ind2="0">
    <subfield code="u">http://revistes.iec.cat/index.php/TC/issue/archive</subfield>
    <subfield code="y">Disponible en l&#xED;nia (IEC)</subfield>
  </datafield>
  <datafield tag="856" ind1="4" ind2="0">
    <subfield code="u">http://dialnet.unirioja.es/servlet/revista?codigo=2105</subfield>
    <subfield code="y">(Dialnet, 2000-2006)</subfield>
  </datafield>
  <datafield tag="942" ind1=" " ind2=" ">
    <subfield code="2">udc</subfield>
    <subfield code="c">SER</subfield>
  </datafield>
  <datafield tag="999" ind1=" " ind2=" ">
    <subfield code="c">6563</subfield>
    <subfield code="d">6563</subfield>
  </datafield>
  <datafield tag="952" ind1=" " ind2=" ">
    <subfield code="0">0</subfield>
    <subfield code="1">0</subfield>
    <subfield code="4">0</subfield>
    <subfield code="7">0</subfield>
    <subfield code="a">GIRONA</subfield>
    <subfield code="b">GIRONA</subfield>
    <subfield code="d">2010-12-03</subfield>
    <subfield code="h">N&#xFA;m. 1 (oct. 1991)</subfield>
    <subfield code="l">0</subfield>
    <subfield code="o">Bg 165</subfield>
    <subfield code="p">GIRONA13109137</subfield>
    <subfield code="r">2013-01-16</subfield>
    <subfield code="w">2013-01-16</subfield>
    <subfield code="y">SER</subfield>
  </datafield>
  <datafield tag="952" ind1=" " ind2=" ">
    <subfield code="0">0</subfield>
    <subfield code="1">0</subfield>
    <subfield code="4">0</subfield>
    <subfield code="7">0</subfield>
    <subfield code="a">GIRONA</subfield>
    <subfield code="b">GIRONA</subfield>
    <subfield code="d">2010-12-03</subfield>
    <subfield code="h">N&#xFA;m. 5 (oct. 1994)</subfield>
    <subfield code="l">0</subfield>
    <subfield code="o">Bg 168</subfield>
    <subfield code="p">GIRONA13109141</subfield>
    <subfield code="r">2013-01-16</subfield>
    <subfield code="w">2013-01-16</subfield>
    <subfield code="y">SER</subfield>
  </datafield>
  <datafield tag="952" ind1=" " ind2=" ">
    <subfield code="0">0</subfield>
    <subfield code="1">0</subfield>
    <subfield code="4">0</subfield>
    <subfield code="7">0</subfield>
    <subfield code="a">CDMR</subfield>
    <subfield code="b">CDMR</subfield>
    <subfield code="d">2013-01-16</subfield>
    <subfield code="h">N&#xFA;m. 1 (oct. 1991) - n&#xFA;m. 26 (2009)</subfield>
    <subfield code="l">0</subfield>
    <subfield code="r">2013-07-04</subfield>
    <subfield code="w">2013-07-04</subfield>
    <subfield code="y">SER</subfield>
  </datafield>
  <datafield tag="952" ind1=" " ind2=" ">
    <subfield code="0">0</subfield>
    <subfield code="1">0</subfield>
    <subfield code="4">0</subfield>
    <subfield code="7">0</subfield>
    <subfield code="a">GIRONA</subfield>
    <subfield code="b">GIRONA</subfield>
    <subfield code="d">2015-07-30</subfield>
    <subfield code="h">N&#xFA;mero 1 - octubre 1991</subfield>
    <subfield code="l">0</subfield>
    <subfield code="o">Bg 1112</subfield>
    <subfield code="p">GIRONA15070187</subfield>
    <subfield code="r">2015-07-30</subfield>
    <subfield code="w">2015-07-30</subfield>
    <subfield code="y">SER</subfield>
  </datafield>
  <datafield tag="952" ind1=" " ind2=" ">
    <subfield code="0">0</subfield>
    <subfield code="1">0</subfield>
    <subfield code="4">0</subfield>
    <subfield code="7">0</subfield>
    <subfield code="a">GIRONA</subfield>
    <subfield code="b">GIRONA</subfield>
    <subfield code="d">2015-07-30</subfield>
    <subfield code="h">N&#xFA;mero 2 - juny 1992</subfield>
    <subfield code="l">0</subfield>
    <subfield code="o">Bg 1120</subfield>
    <subfield code="p">GIRONA15070188</subfield>
    <subfield code="r">2015-07-30</subfield>
    <subfield code="w">2015-07-30</subfield>
    <subfield code="y">SER</subfield>
  </datafield>
  <datafield tag="952" ind1=" " ind2=" ">
    <subfield code="0">0</subfield>
    <subfield code="1">0</subfield>
    <subfield code="4">0</subfield>
    <subfield code="7">0</subfield>
    <subfield code="a">GIRONA</subfield>
    <subfield code="b">GIRONA</subfield>
    <subfield code="d">2015-07-30</subfield>
    <subfield code="h">N&#xFA;mero 3 - octubre 1992</subfield>
    <subfield code="l">0</subfield>
    <subfield code="o">Bg 1135</subfield>
    <subfield code="p">GIRONA15070189</subfield>
    <subfield code="r">2015-07-30</subfield>
    <subfield code="w">2015-07-30</subfield>
    <subfield code="y">SER</subfield>
  </datafield>
  <datafield tag="952" ind1=" " ind2=" ">
    <subfield code="0">0</subfield>
    <subfield code="1">0</subfield>
    <subfield code="4">0</subfield>
    <subfield code="7">0</subfield>
    <subfield code="a">GIRONA</subfield>
    <subfield code="b">GIRONA</subfield>
    <subfield code="d">2015-07-30</subfield>
    <subfield code="h">N&#xFA;mero 4 - octubre 1993</subfield>
    <subfield code="l">0</subfield>
    <subfield code="o">Bg 1187</subfield>
    <subfield code="p">GIRONA15070190</subfield>
    <subfield code="r">2015-07-30</subfield>
    <subfield code="w">2015-07-30</subfield>
    <subfield code="y">SER</subfield>
  </datafield>
  <datafield tag="952" ind1=" " ind2=" ">
    <subfield code="0">0</subfield>
    <subfield code="1">0</subfield>
    <subfield code="4">0</subfield>
    <subfield code="7">0</subfield>
    <subfield code="a">GIRONA</subfield>
    <subfield code="b">GIRONA</subfield>
    <subfield code="d">2015-07-30</subfield>
    <subfield code="h">N&#xFA;mero 5 - octubre 1994</subfield>
    <subfield code="l">0</subfield>
    <subfield code="o">Bg 1190</subfield>
    <subfield code="p">GIRONA15070191</subfield>
    <subfield code="r">2015-07-30</subfield>
    <subfield code="w">2015-07-30</subfield>
    <subfield code="y">SER</subfield>
  </datafield>
  <datafield tag="952" ind1=" " ind2=" ">
    <subfield code="0">0</subfield>
    <subfield code="1">0</subfield>
    <subfield code="4">0</subfield>
    <subfield code="7">0</subfield>
    <subfield code="a">GIRONA</subfield>
    <subfield code="b">GIRONA</subfield>
    <subfield code="d">2015-07-30</subfield>
    <subfield code="h">N&#xFA;mero 6 - octubre 1995</subfield>
    <subfield code="l">0</subfield>
    <subfield code="o">Bg 1191</subfield>
    <subfield code="p">GIRONA15070192</subfield>
    <subfield code="r">2015-07-30</subfield>
    <subfield code="w">2015-07-30</subfield>
    <subfield code="y">SER</subfield>
  </datafield>
  <datafield tag="952" ind1=" " ind2=" ">
    <subfield code="0">0</subfield>
    <subfield code="1">0</subfield>
    <subfield code="4">0</subfield>
    <subfield code="7">0</subfield>
    <subfield code="a">GIRONA</subfield>
    <subfield code="b">GIRONA</subfield>
    <subfield code="d">2015-07-30</subfield>
    <subfield code="h">N&#xFA;mero 7 - octubre 1996</subfield>
    <subfield code="l">0</subfield>
    <subfield code="o">Bg 1192</subfield>
    <subfield code="p">GIRONA15070193</subfield>
    <subfield code="r">2015-07-30</subfield>
    <subfield code="w">2015-07-30</subfield>
    <subfield code="y">SER</subfield>
  </datafield>
  <datafield tag="952" ind1=" " ind2=" ">
    <subfield code="0">0</subfield>
    <subfield code="1">0</subfield>
    <subfield code="4">0</subfield>
    <subfield code="7">0</subfield>
    <subfield code="a">GIRONA</subfield>
    <subfield code="b">GIRONA</subfield>
    <subfield code="d">2015-07-30</subfield>
    <subfield code="h">N&#xFA;mero 8 - Octubre 1997</subfield>
    <subfield code="l">0</subfield>
    <subfield code="o">Bg 1193</subfield>
    <subfield code="p">GIRONA15070194</subfield>
    <subfield code="r">2015-07-30</subfield>
    <subfield code="w">2015-07-30</subfield>
    <subfield code="y">SER</subfield>
  </datafield>
  <datafield tag="952" ind1=" " ind2=" ">
    <subfield code="0">0</subfield>
    <subfield code="1">0</subfield>
    <subfield code="4">0</subfield>
    <subfield code="7">0</subfield>
    <subfield code="a">GIRONA</subfield>
    <subfield code="b">GIRONA</subfield>
    <subfield code="d">2015-07-30</subfield>
    <subfield code="h">N&#xFA;mero 11 - juny 1999</subfield>
    <subfield code="l">0</subfield>
    <subfield code="o">Bg 1194</subfield>
    <subfield code="p">GIRONA15070195</subfield>
    <subfield code="r">2015-07-30</subfield>
    <subfield code="w">2015-07-30</subfield>
    <subfield code="y">SER</subfield>
  </datafield>
</record>
